| 000 | 00640cam a2200229 4500500 | ||
|---|---|---|---|
| 005 | 20260405002133.0 | ||
| 041 | _afre | ||
| 042 | _adc | ||
| 100 | 1 | 0 |
_aLacroix, Alexandre _eauthor |
| 245 | 0 | 0 | _aOpération anti-radicalisation |
| 260 | _c2016. | ||
| 500 | _a28 | ||
| 690 | _aBien | ||
| 690 | _aEnseignement | ||
| 690 | _aFethi Benslama | ||
| 690 | _aIslamisme | ||
| 690 | _aMal | ||
| 690 | _aMorale | ||
| 690 | _aYves Michaud | ||
| 786 | 0 | _nPhilosophie magazine | 96 | 2 | 2016-02-01 | p. 34-36 | 1951-1787 | |
| 856 | 4 | 1 | _uhttps://shs.cairn.info/magazine-philosophie-magazine-2016-2-page-34?lang=fr&redirect-ssocas=7080 |
| 999 |
_c2054642 _d2054642 |
||